01024nas a2200241Ia 4500001001100000003000900011008004100020040001300061040001300074041001300087100003800100210002100138222002100159245010900180250001100289260003600300501008600336300001000422310001200432362004000444500026200484650003600746R022/43042IT-RoPAU151124c99999999xx |||||||||||| ||und|| aIT-RoPAU cIT-RoPAU aITALIANO aAA.VV. gCodice Aut. SPICS: 12000 aINFORMAZIONI MCS aInformazioni Mcs aINFORMAZIONI MCS, ANNO 22-N.05 (MAGGIO-GIUGNO 1979)bInformazioni Mcs, Anno 22-N.05 (Maggio-Giugno 1979) a1a ed. aVICENZAbINFORMAZIONI MCSc1979 bPaulus - SPICS - Società San Paolo EM (non-commercial uses only)cCopyright2015 a32 p. aMENSILE aANNO 022, N.05 (MAGGIO-GIUGNO 1979) aSchede Critiche dei Film: Dodes'Ka Den, Nosferatu Principe della Notte, Cristo Si è Fermato a Eboli, L'Isola degli Uomini Pesce, Prova D'Orchestra, Arriva un Cavaliere Libero e Selvaggio, i 14 della Bond Street, Bentornato Dio!, Hi Mom!, Soldi a Ogni Cos aCINEMAvPUBBLICAZIONE PERIODICA